000 00348 a2200157 4500
001 189252
020 _a85-86218-18-9
040 _cMagnum
100 _aHetzel, Graziela Bozano
240 1 0 _aO colar de pérolas
_lpor
245 1 0 _aO colar de pérolas
300 _a36
362 0 _a2004
697 _aLITERATURA INFANTO-JUVENIL
942 _cBK
999 _c189252
_d189252